| 000 | 00677nam a2200193 i 4500 | ||
|---|---|---|---|
| 001 | 134599 | ||
| 003 | ES-MaACL | ||
| 005 | 20230906194716.0 | ||
| 007 | t| | ||
| 008 | 070912s1947 mx ||||1| spa d | ||
| 100 | 1 |
_aWedgwood, C. V. _9116287 |
|
| 245 | 1 | 0 |
_aGuillermo el Taciturno, Guillermo de Nassau, Príncipe de Orange, 1533-1584 / _cpor C. V. Wedgwood ; traducción de A. Alatorre y J. Díez Canedo. |
| 250 | _a[1ª ed. en español]. | ||
| 260 |
_aMéxico : _bFondo de Cultura Económica, _c[1947] |
||
| 300 |
_a363 p., 1 lám. ; _c21 cm. |
||
| 700 | 1 |
_aAlatorre, Antonio. _919169 |
|
| 700 | 1 |
_aDíez-Canedo, Joaquín. _944686 |
|
| 852 |
_aES-MaACL _jD-5240 _bR.30205 |
||
| 999 |
_c134599 _d134599 |
||